[Event "Teresina Piauiense-ch"]
[Site "Teresina"]
[Date "2019.10.25"]
[Round "7"]
[White "Leite, Italo Andre Medeiro"]
[Black "Carvalho, Lazaro Miranda"]
[Result "0-1"]
[WhiteElo "1916"]
[BlackElo "1991"]
[PlyCount "148"]
[EventDate "2019.10.11"]
[EventType "tourn"]
[EventRounds "9"]
[EventCountry "BRA"]
[SourceTitle "CBM 192 Extra"]
[Source "Chessbase"]
[SourceDate "2019.11.06"]
[SourceVersion "1"]
[SourceVersionDate "2019.11.06"]
[SourceQuality "1"]

1. Nf3 Nf6 2. e3 d5 3. c4 c6 4. Be2 Bf5 5. Qb3 Qb6 6. Qxb6 axb6 7. Nc3 e6 8. b3 Bd6 9. Bb2 h6 10. 0-0 Nbd7 11. d4 0-0 12. a3 Rfe8 13. Rfe1 Bc2 14. Nd2 Rad8 15. Bf3 Bd3 16. g3 Bf8 17. Rad1 Bc2 18. Rc1 Bg6 19. b4 dxc4 20. Nxc4 Bd3 21. Be2 Bxe2 22. Rxe2 b5 23. Na5 Rb8 24. Rec2 Nb6 25. e4 Red8 26. e5 Nfd5 27. Ne4 Na4 28. Ba1 Be7 29. h4 Rd7 30. Nc5 Nxc5 31. dxc5 Ra8 32. Bb2 Bd8 33. Nb3 Bc7 34. Nd2 f5 35. exf6 gxf6 36. Ne4 Kf7 37. Rd1 Rad8 38. Rcd2 f5 39. Nc3 Be5 40. f4 Bf6 41. Ne2 Bxb2 42. Rxb2 Ne3 43. Rxd7+ Rxd7 44. Rb3 Nc4 45. Kf2 Rd2 46. Ke1 Ra2 47. Rd3 Ke7 48. Nd4 Rxa3 49. Rxa3 Nxa3 50. Ke2 Nc4 51. h5 Kd7 52. Kf3 b6 53. cxb6 Nxb6 54. g4 fxg4+ 55. Kxg4 Nd5 56. Nc2 Ke7 57. Kf3 Kd6 58. Kg3 c5 59. bxc5+ Kxc5 60. Kg4 b4 61. f5 b3 62. Na3 Ne3+ 63. Kf4 Nxf5 64. Ke5 Ng3 65. Kxe6 Nxh5 66. Kf5 Ng3+ 67. Kg6 h5 68. Kg5 Kb4 69. Nb1 b2 70. Kh4 Nf1 71. Kxh5 Kb3 72. Kg5 Kc2 73. Na3+ Kc1 74. Kf4 Nd2 0-1

[Event "Teresina op 7th"]
[Site "Teresina"]
[Date "2019.08.04"]
[Round "5"]
[White "Leite, Italo Andre Medeiro"]
[Black "Francelli, Derli"]
[Result "1-0"]
[WhiteElo "1932"]
[BlackElo "1578"]
[PlyCount "83"]
[EventDate "2019.08.02"]
[EventType "swiss"]
[EventRounds "6"]
[EventCountry "BRA"]
[SourceTitle "EXT 2020"]
[Source "ChessBase"]
[SourceDate "2019.10.17"]
[SourceVersion "1"]
[SourceVersionDate "2019.10.17"]
[SourceQuality "1"]

1. d4 d5 2. Nf3 e6 3. Bf4 Nf6 4. e3 Be7 5. Nbd2 0-0 6. Bd3 Nbd7 7. Rc1 c6 8. c4 Re8 9. 0-0 Nf8 10. c5 Ng6 11. Bxg6 hxg6 12. h3 Nh7 13. Re1 Bd7 14. b4 a5 15. a3 axb4 16. axb4 b5 17. Ra1 Rxa1 18. Qxa1 Qa8 19. Nb3 g5 20. Bg3 f5 21. Ne5 Nf8 22. Qc3 Bf6 23. Ra1 Qc8 24. Ra7 f4 25. exf4 Bxe5 26. dxe5 gxf4 27. Bxf4 Ng6 28. Bg5 Rf8 29. g3 Qe8 30. f4 Bc8 31. Nd4 Nh8 32. Qd3 Rf7 33. Qa3 Rxa7 34. Qxa7 Qh5 35. Kf2 Qxh3 36. Qa8 Qh2+ 37. Kf3 Qh5+ 38. Ke3 Qe8 39. Nxc6 Kh7 40. Ne7 d4+ 41. Kf2 Bd7 42. Qh1+ 1-0

[Event "Teresina op 7th"]
[Site "Teresina"]
[Date "2019.08.04"]
[Round "6"]
[White "Lima Filho, Jose Pacifico"]
[Black "Leite, Italo Andre Medeiro"]
[Result "1/2-1/2"]
[WhiteElo "1756"]
[BlackElo "1932"]
[PlyCount "51"]
[EventDate "2019.08.02"]
[EventType "swiss"]
[EventRounds "6"]
[EventCountry "BRA"]
[SourceTitle "EXT 2020"]
[Source "ChessBase"]
[SourceDate "2019.10.17"]
[SourceVersion "1"]
[SourceVersionDate "2019.10.17"]
[SourceQuality "1"]

1. d4 e6 2. Nf3 d5 3. Bf4 Nf6 4. Nbd2 c5 5. e3 Be7 6. Be2 0-0 7. h3 b6 8. Ne5 Bb7 9. 0-0 Nc6 10. c3 Rc8 11. Bf3 Kh8 12. Rc1 Kg8 13. Re1 Re8 14. Be2 a6 15. Ndf3 Ne4 16. Bd3 Nxe5 17. Nxe5 f6 18. Nf3 Bd6 19. Bxd6 Nxd6 20. Nd2 e5 21. dxc5 bxc5 22. c4 d4 23. Qh5 g6 24. Bxg6 hxg6 25. Qxg6+ Kf8 26. Qh6+ 1/2-1/2

[Event "Teresina op 7th"]
[Site "Teresina"]
[Date "2019.08.02"]
[Round "2"]
[White "Leite, Italo Andre Medeiro"]
[Black "Leitao, Nicolau Daulibe"]
[Result "0-1"]
[WhiteElo "1932"]
[BlackElo "2103"]
[PlyCount "106"]
[EventDate "2019.08.02"]
[EventType "swiss"]
[EventRounds "6"]
[EventCountry "BRA"]
[SourceTitle "EXT 2020"]
[Source "ChessBase"]
[SourceDate "2019.10.17"]
[SourceVersion "1"]
[SourceVersionDate "2019.10.17"]
[SourceQuality "1"]

1. e3 Nf6 2. Nf3 e6 3. Be2 d5 4. c4 Be7 5. 0-0 0-0 6. d4 dxc4 7. Bxc4 a6 8. a4 c5 9. Nbd2 Nc6 10. Nb3 cxd4 11. exd4 Na5 12. Nxa5 Qxa5 13. Bf4 Rd8 14. Qe2 Qh5 15. Bc7 Re8 16. Rfe1 Bd7 17. Qd3 Rac8 18. Bg3 Bc6 19. Ne5 Bd5 20. Bxd5 Nxd5 21. Rec1 Qg5 22. Rc4 Bb4 23. Rd1 Red8 24. Qe4 Rxc4 25. Nxc4 Rc8 26. f4 Qh5 27. Rc1 b5 28. axb5 axb5 29. b3 bxc4 30. bxc4 Nc3 31. Qb7 Ne2+ 32. Kf2 Nxc1 33. Qxc8+ Bf8 34. h3 Qe2+ 35. Kg1 Qd1+ 36. Kh2 Qxd4 37. Qc6 Ne2 38. h4 Nxg3 39. Kxg3 Qe3+ 40. Qf3 Qxf3+ 41. Kxf3 Bc5 42. g4 Kf8 43. Ke4 Ke7 44. f5 Kd6 45. g5 g6 46. fxg6 fxg6 47. Kf4 Bf2 48. Kg4 Ke5 49. h5 Ke4 50. hxg6 hxg6 51. Kh3 Kf3 52. Kh2 Bc5 53. Kh3 e5 0-1

[Event "Piauiense-ch sf2"]
[Site "Teresina"]
[Date "2019.05.18"]
[Round "2.4"]
[White "Sales, Luis Carlos"]
[Black "Leite, Italo Andre Medeiro"]
[Result "0-1"]
[WhiteElo "1726"]
[BlackElo "1929"]
[PlyCount "70"]
[EventDate "2019.05.17"]
[EventType "swiss"]
[EventRounds "5"]
[EventCountry "BRA"]
[SourceTitle "EXT 2022"]
[Source "ChessBase"]
[SourceDate "2021.10.06"]
[SourceVersion "1"]
[SourceVersionDate "2021.10.06"]
[SourceQuality "1"]

1. d4 Nf6 2. Nf3 c5 3. c3 d6 4. dxc5 d5 5. b4 h6 6. e3 g5 7. Bb2 Nc6 8. Bb5 a6 9. Ba4 Qc7 10. Nd4 Bg7 11. Nxc6 bxc6 12. Nd2 0-0 13. h3 e5 14. 0-0 e4 15. Re1 Bf5 16. Nf1 Nd7 17. Ng3 Bg6 18. Qe2 Ne5 19. Rf1 Nd3 20. Rab1 f5 21. a3 Be5 22. Nh5 Qf7 23. Bxc6 Bxh5 24. g4 fxg4 25. hxg4 Bg6 26. Bxa8 Rxa8 27. f3 Qc7 28. Ba1 Rf8 29. fxe4 Rxf1+ 30. Rxf1 Bxe4 31. Rd1 Bxc3 32. Rxd3 Qg3+ 33. Kf1 Qh3+ 34. Kg1 Qh1+ 35. Kf2 Qg2# 0-1

[Event "Teresina-ch"]
[Site "Teresina"]
[Date "2019.03.17"]
[Round "5.3"]
[White "Campos, Claudio Braga"]
[Black "Leite, Italo Andre Medeiro"]
[Result "1-0"]
[WhiteElo "1844"]
[BlackElo "1930"]
[PlyCount "69"]
[EventDate "2019.03.15"]
[EventType "swiss"]
[EventRounds "5"]
[EventCountry "BRA"]
[SourceTitle "EXT 2022"]
[Source "ChessBase"]
[SourceDate "2021.10.06"]
[SourceVersion "1"]
[SourceVersionDate "2021.10.06"]
[SourceQuality "1"]

1. d4 c5 2. c3 Nc6 3. Nf3 cxd4 4. Nxd4 Nf6 5. Qc2 d5 6. e3 e5 7. Nf3 a6 8. Be2 Bc5 9. 0-0 Qe7 10. h3 Ne4 11. Nbd2 f5 12. c4 Nxd2 13. Bxd2 e4 14. Ne1 d4 15. exd4 Nxd4 16. Qd1 0-0 17. Bc3 Rd8 18. Bxd4 Bxd4 19. Qb3 Be6 20. Nc2 Bc5 21. Qc3 Bf7 22. b4 Bd6 23. Rad1 Be5 24. Qa3 Qg5 25. Qa5 Bf6 26. Ne3 f4 27. Qxg5 Bxg5 28. Nd5 b5 29. a3 bxc4 30. Bxc4 Rac8 31. Bxa6 Rc6 32. b5 Rxa6 33. bxa6 Bxd5 34. a7 Kf7 35. Rxd5 1-0

[Event "Teresina-ch"]
[Site "Teresina"]
[Date "2019.03.17"]
[Round "4.2"]
[White "Leite, Italo Andre Medeiro"]
[Black "Silva Sobrinho, Agostinho Jose"]
[Result "0-1"]
[WhiteElo "1930"]
[BlackElo "2073"]
[PlyCount "98"]
[EventDate "2019.03.15"]
[EventType "swiss"]
[EventRounds "5"]
[EventCountry "BRA"]
[SourceTitle "EXT 2022"]
[Source "ChessBase"]
[SourceDate "2021.10.06"]
[SourceVersion "1"]
[SourceVersionDate "2021.10.06"]
[SourceQuality "1"]

1. Nf3 e6 2. d4 Nf6 3. c4 b6 4. Nc3 Bb4 5. a3 Bxc3+ 6. bxc3 Bb7 7. e3 0-0 8. Bd3 d5 9. 0-0 Nbd7 10. Bb2 dxc4 11. Bxc4 Ne4 12. Bd3 Ndf6 13. c4 h6 14. Qc2 Rc8 15. Ne5 c5 16. f3 Nd6 17. Rfd1 Qc7 18. Rac1 Rfd8 19. Kf2 Kf8 20. g4 Nd7 21. Be2 cxd4 22. exd4 f6 23. Ng6+ Kf7 24. Kg1 Nf8 25. Nxf8 Kxf8 26. Qh7 Nf7 27. a4 Ng5 28. Qd3 Qf4 29. Ba3+ Kg8 30. d5 exd5 31. cxd5 Rxc1 32. Bxc1 Qxa4 33. Qf5 Ba6 34. Bxg5 hxg5 35. Qe6+ Kh8 36. d6 Bxe2 37. Qxe2 Qd7 38. Qe4 Qe8 39. Qe7 Kg8 40. Qxe8+ Rxe8 41. Kf2 Rd8 42. Ke3 Kf7 43. Ke4 Ke6 44. Ra1 Rd7 45. Rd1 a5 46. f4 gxf4 47. Kxf4 g5+ 48. Ke4 Rxd6 49. Rxd6+ Kxd6 0-1

[Event "Teresina-ch"]
[Site "Teresina"]
[Date "2019.03.16"]
[Round "2.8"]
[White "Leite, Italo Andre Medeiro"]
[Black "Silva, Ronnyel Carlos Cunh"]
[Result "1-0"]
[WhiteElo "1930"]
[BlackElo "1736"]
[PlyCount "53"]
[EventDate "2019.03.15"]
[EventType "swiss"]
[EventRounds "5"]
[EventCountry "BRA"]
[SourceTitle "EXT 2022"]
[Source "ChessBase"]
[SourceDate "2021.10.06"]
[SourceVersion "1"]
[SourceVersionDate "2021.10.06"]
[SourceQuality "1"]

1. Nf3 Nf6 2. d4 d5 3. g3 e6 4. Bg2 h6 5. 0-0 c5 6. c4 Nc6 7. Nc3 dxc4 8. Qa4 Bd7 9. Qxc4 cxd4 10. Nxd4 Nxd4 11. Qxd4 Qc7 12. Bf4 Qc8 13. Bd6 Bxd6 14. Qxd6 Qb8 15. Qc5 Qc8 16. Qd6 Qb8 17. Qc5 Qc8 18. Qb4 Bc6 19. Rac1 Bxg2 20. Nb5 Qxc1 21. Rxc1 Nd5 22. Nc7+ Kd7 23. Qb5+ Ke7 24. Nxa8 Bh3 25. f3 b6 26. Qa6 Bf5 27. e4 1-0

[Event "Luiz Rego Memorial 6th"]
[Site "Teresina"]
[Date "2018.08.04"]
[Round "4"]
[White "Urquiza, Marcello de Albuque"]
[Black "Leite, Italo Andre Medeiro"]
[Result "1-0"]
[WhiteElo "2082"]
[BlackElo "1918"]
[PlyCount "61"]
[EventDate "2018.08.03"]
[EventType "swiss"]
[EventRounds "6"]
[EventCountry "BRA"]
[SourceTitle "CBM 186 Extra"]
[Source "ChessBase"]
[SourceDate "2018.08.24"]
[SourceVersion "1"]
[SourceVersionDate "2018.08.24"]
[SourceQuality "1"]

1. e4 g6 2. d4 Bg7 3. Nf3 d6 4. Be2 Nf6 5. Nc3 0-0 6. 0-0 Nbd7 7. Be3 c6 8. a4 Qc7 9. Qd2 Ng4 10. Bg5 e5 11. dxe5 dxe5 12. Be7 Re8 13. Bd6 Qd8 14. h3 Nh6 15. Rfd1 Nf8 16. Qe3 Bd7 17. Nxe5 Bxe5 18. Bxe5 Rxe5 19. Qxh6 Qb6 20. Qd2 Rae8 21. Qd4 Qd8 22. f4 R5e6 23. Qxa7 Qf6 24. Qf2 R6e7 25. e5 Qg7 26. Ne4 Rd8 27. Nf6+ Kh8 28. Qc5 Re6 29. Bg4 h5 30. Bxe6 Nxe6 31. Qe7 1-0

[Event "Teresina-ch"]
[Site "Teresina"]
[Date "2018.03.17"]
[Round "2.2"]
[White "Leite, Italo Andre Medeiro"]
[Black "Carvalho, Lazaro Miranda"]
[Result "1/2-1/2"]
[WhiteElo "1914"]
[BlackElo "1951"]
[PlyCount "49"]
[EventDate "2018.03.15"]
[EventType "swiss"]
[EventRounds "5"]
[EventCountry "BRA"]
[SourceTitle "EXT 2022"]
[Source "ChessBase"]
[SourceDate "2021.10.06"]
[SourceVersion "1"]
[SourceVersionDate "2021.10.06"]
[SourceQuality "1"]

1. d4 d5 2. Nf3 Nf6 3. c4 c6 4. Nc3 dxc4 5. e4 b5 6. a3 e6 7. Be2 Be7 8. 0-0 0-0 9. Ne5 Bb7 10. f4 Nbd7 11. Bf3 a6 12. Be3 c5 13. d5 exd5 14. Nxd5 Nxd5 15. exd5 Bd6 16. Nc6 Qc7 17. Qd2 Rfe8 18. Rfe1 Nf6 19. g4 Bc8 20. h3 h5 21. Qg2 hxg4 22. hxg4 Bxf4 23. Bxc5 Bd6 24. Bd4 Rxe1+ 25. Rxe1 1/2-1/2

[Event "Piaui-ch"]
[Site "Teresina"]
[Date "2017.10.21"]
[Round "8"]
[White "Leite, Italo Andre Medeiro"]
[Black "Farias, Edilsom"]
[Result "1-0"]
[WhiteElo "1904"]
[BlackElo "1841"]
[PlyCount "49"]
[EventDate "2017.10.12"]
[EventType "tourn"]
[EventRounds "9"]
[EventCountry "BRA"]
[SourceTitle "CBM 181 Extra"]
[Source "ChessBase"]
[SourceDate "2017.12.12"]
[SourceVersion "1"]
[SourceVersionDate "2017.12.12"]
[SourceQuality "1"]

1. e4 c6 2. d4 d5 3. e5 Bf5 4. Nf3 e6 5. Bd3 Bxd3 6. Qxd3 c5 7. c4 cxd4 8. 0-0 Bc5 9. Nbd2 Ne7 10. cxd5 Qxd5 11. Ne4 0-0 12. Nxc5 Qxc5 13. Ng5 Ng6 14. f4 Nc6 15. Ne4 Qd5 16. Bd2 Nge7 17. g4 Kh8 18. Rf3 f5 19. exf6 gxf6 20. Rh3 Rf7 21. Rh5 f5 22. Ng5 Raf8 23. Qh3 Ng6 24. Rxh7+ Kg8 25. Qh6 1-0

[Event "Fortaleza Genti Memorial"]
[Site "Fortaleza"]
[Date "2017.09.24"]
[Round "6"]
[White "De Saboya E Silva, Jose Frederic"]
[Black "Leite, Italo Andre Medeiro"]
[Result "1-0"]
[WhiteElo "2154"]
[BlackElo "1904"]
[PlyCount "87"]
[EventDate "2017.09.22"]
[EventType "swiss"]
[EventRounds "6"]
[EventCountry "BRA"]
[SourceTitle "CBM 180 Extra"]
[Source "ChessBase"]
[SourceDate "2017.10.06"]
[SourceVersion "1"]
[SourceVersionDate "2017.10.06"]
[SourceQuality "1"]

1. d4 f5 2. Nf3 Nf6 3. c4 e6 4. Nc3 b6 5. g3 Bb7 6. Bg2 Be7 7. 0-0 0-0 8. d5 exd5 9. Nd4 Ne4 10. Nxd5 Bxd5 11. cxd5 Nd6 12. Qc2 Na6 13. Nxf5 Nxf5 14. e4 Nb4 15. Qc3 Nd4 16. Qxd4 Nc2 17. Qc4 Nxa1 18. d6+ Kh8 19. dxe7 Qxe7 20. Be3 b5 21. Qd3 Qb4 22. Rxa1 Qxb2 23. Bd4 Qb4 24. Rb1 Qa4 25. Rxb5 Qxa2 26. Rg5 Rf7 27. e5 Raf8 28. Rh5 h6 29. e6 Qxe6 30. Bd5 Qe1+ 31. Qf1 Qxf1+ 32. Kxf1 Rf6 33. Bxf6 Rxf6 34. Re5 Rd6 35. Re8+ Kh7 36. Be4+ g6 37. Ra8 Rd4 38. f3 d5 39. Rd8 c6 40. Rd7+ Kg8 41. Bxg6 a5 42. f4 a4 43. f5 a3 44. f6 1-0

[Event "Fortaleza Genti Memorial"]
[Site "Fortaleza"]
[Date "2017.09.22"]
[Round "2"]
[White "Amorim, Daniel Madson De Me"]
[Black "Leite, Italo Andre Medeiro"]
[Result "1-0"]
[WhiteElo "2155"]
[BlackElo "1904"]
[PlyCount "125"]
[EventDate "2017.09.22"]
[EventType "swiss"]
[EventRounds "6"]
[EventCountry "BRA"]
[SourceTitle "CBM 180 Extra"]
[Source "ChessBase"]
[SourceDate "2017.10.06"]
[SourceVersion "1"]
[SourceVersionDate "2017.10.06"]
[SourceQuality "1"]

1. c4 e5 2. g3 Nc6 3. Bg2 Bc5 4. Nc3 a6 5. Nf3 d6 6. 0-0 Nge7 7. h3 0-0 8. e3 Ng6 9. a3 a5 10. b3 f5 11. Nd5 Be6 12. d4 Ba7 13. Nxc7 Qxc7 14. d5 Bd7 15. dxc6 Bxc6 16. Bb2 Rad8 17. Rc1 Qe7 18. Qe1 Bb6 19. Bc3 Ra8 20. Qd2 Rfd8 21. Qb2 Bc7 22. h4 Nf8 23. Rfd1 Nd7 24. b4 Nf6 25. b5 Be4 26. b6 Bb8 27. Qd2 d5 28. c5 Qxc5 29. Bxe5 Qxb6 30. Bd4 Qd6 31. Qb2 Ba7 32. Be5 Qb6 33. Qc3 Rf8 34. Bc7 Qc6 35. Qxa5 Qe8 36. Qb4 Ng4 37. Nd4 Bxg2 38. Kxg2 Qe4+ 39. Kg1 Bb8 40. Re1 Bxc7 41. Rxc7 Qe5 42. Re7 Qf6 43. Qxb7 Rae8 44. Qxd5+ Kh8 45. Rxe8 Rxe8 46. Qxf5 Qxf5 47. Nxf5 Ne5 48. Kg2 g6 49. Nd4 Ra8 50. Ra1 Nc4 51. a4 Kg7 52. e4 Re8 53. f3 Kf6 54. Rc1 Ne5 55. f4 Nd3 56. Rc6+ Kf7 57. Rc7+ Kg8 58. e5 Nb4 59. Nc6 Nd5 60. Rb7 Re6 61. Nb4 Nc3 62. a5 Na4 63. a6 1-0

[Event "Luiz Rego Memorial 5th"]
[Site "Teresina"]
[Date "2017.08.06"]
[Round "6"]
[White "Leite, Italo Andre Medeiro"]
[Black "Luz, Christian Oliveira"]
[Result "1-0"]
[WhiteElo "1894"]
[BlackElo "1283"]
[PlyCount "36"]
[EventDate "2017.08.04"]
[EventType "swiss"]
[EventRounds "6"]
[EventCountry "BRA"]
[SourceTitle "CBM 180 Extra"]
[Source "ChessBase"]
[SourceDate "2017.10.06"]
[SourceVersion "1"]
[SourceVersionDate "2017.10.06"]
[SourceQuality "1"]

1. Nc3 d6 2. g3 Nf6 3. Bg2 g6 4. d3 Bg7 5. e4 Nbd7 6. Nge2 0-0 7. 0-0 e5 8. b4 Re8 9. a4 a6 10. Re1 a5 11. bxa5 Rxa5 12. Bd2 Ra8 13. Qc1 Nc5 14. Qa3 Bd7 15. Reb1 Bxa4 16. Nxa4 Rxa4 17. Qc1 Qa8 18. Bg5 Ra2 1-0

[Event "Luiz Rego Memorial 5th"]
[Site "Teresina"]
[Date "2017.08.06"]
[Round "5"]
[White "Librelato, Kathie Goulart"]
[Black "Leite, Italo Andre Medeiro"]
[Result "1-0"]
[WhiteElo "2048"]
[BlackElo "1894"]
[PlyCount "34"]
[EventDate "2017.08.04"]
[EventType "swiss"]
[EventRounds "6"]
[EventCountry "BRA"]
[SourceTitle "CBM 180 Extra"]
[Source "ChessBase"]
[SourceDate "2017.10.06"]
[SourceVersion "1"]
[SourceVersionDate "2017.10.06"]
[SourceQuality "1"]

1. e4 c6 2. d4 d5 3. Nc3 Nf6 4. e5 Nfd7 5. f4 c5 6. Nf3 a6 7. Be3 Nc6 8. Qd2 g6 9. Qf2 c4 10. g4 b5 11. f5 b4 12. Ng5 Ndxe5 13. dxe5 bxc3 14. fxg6 Qc7 15. gxf7+ Kd7 16. 0-0-0 Qxe5 17. Bxc4 Qd6 1-0

[Event "Luiz Rego Memorial 5th"]
[Site "Teresina"]
[Date "2017.08.05"]
[Round "4"]
[White "Leite, Italo Andre Medeiro"]
[Black "Araujo, Sergio Murilo"]
[Result "1/2-1/2"]
[WhiteElo "1894"]
[BlackElo "2078"]
[PlyCount "21"]
[EventDate "2017.08.04"]
[EventType "swiss"]
[EventRounds "6"]
[EventCountry "BRA"]
[SourceTitle "CBM 180 Extra"]
[Source "ChessBase"]
[SourceDate "2017.10.06"]
[SourceVersion "1"]
[SourceVersionDate "2017.10.06"]
[SourceQuality "1"]

1. Nf3 Nf6 2. c4 c6 3. Nc3 d5 4. b3 Bf5 5. d3 h6 6. g3 e6 7. Bg2 Bd6 8. 0-0 0-0 9. Bb2 Nbd7 10. a3 a5 11. e4 1/2-1/2

[Event "Piauiense-ch"]
[Site "Teresina"]
[Date "2016.12.15"]
[Round "7"]
[White "Leite, Italo Andre Medeiro"]
[Black "Ribeiro, Yuri Alisson Cavalc"]
[Result "0-1"]
[WhiteElo "1839"]
[BlackElo "1530"]
[PlyCount "130"]
[EventDate "2016.11.25"]
[EventType "tourn"]
[EventRounds "9"]
[EventCountry "BRA"]
[SourceTitle "EXT 2018"]
[Source "ChessBase"]
[SourceDate "2017.10.13"]
[SourceVersion "1"]
[SourceVersionDate "2017.10.13"]
[SourceQuality "1"]

1. e3 b6 2. c4 Bb7 3. Nc3 Nf6 4. Qb3 e6 5. d4 Be7 6. Nf3 Bxf3 7. gxf3 Nc6 8. d5 exd5 9. cxd5 Ne5 10. Be2 0-0 11. e4 d6 12. f4 Ng6 13. Be3 Nd7 14. Nb5 Bf6 15. Rc1 Nc5 16. Qc2 a6 17. Nc3 Qd7 18. b4 Nb7 19. Nd1 Rfc8 20. h3 Qe8 21. Bg4 Rcb8 22. 0-0 Bd8 23. Nc3 a5 24. a3 axb4 25. axb4 c5 26. dxc6 Qxc6 27. Nd5 Qxc2 28. Rxc2 Ra3 29. Bc8 Nc5 30. bxc5 Rxc8 31. cxb6 Rxc2 32. b7 Bc7 33. e5 Bb8 34. exd6 Bxd6 35. Rd1 Rb3 36. Nb6 Bc7 37. Rd8+ Nf8 38. Rc8 Rcb2 39. Nd5 Bd6 40. Rd8 Rxb7 41. Rxd6 Rd7 42. Bc5 Rxd6 43. Bxd6 f6 44. Ne3 Ne6 45. f5 Ng5 46. Kg2 Ne4 47. Bg3 Rb5 48. Kf3 Ng5+ 49. Kg4 Rb4+ 50. f4 Ne4 51. Be1 Rb2 52. Kf3 Nd6 53. Bf2 Kf7 54. Bg1 h5 55. Bf2 Rb3 56. Ke2 Rb1 57. Kf3 Rb5 58. h4 Nxf5 59. Nc4 Rb3+ 60. Ne3 Ke6 61. Ke4 Rxe3+ 62. Bxe3 Nxe3 63. Kxe3 Kf5 64. Kf3 g6 65. Kg3 Ke4 0-1

[Event "Piauiense-ch"]
[Site "Teresina"]
[Date "2016.12.04"]
[Round "6"]
[White "Farias, Edilsom"]
[Black "Leite, Italo Andre Medeiro"]
[Result "1-0"]
[WhiteElo "1860"]
[BlackElo "1839"]
[PlyCount "95"]
[EventDate "2016.11.25"]
[EventType "tourn"]
[EventRounds "9"]
[EventCountry "BRA"]
[SourceTitle "EXT 2018"]
[Source "ChessBase"]
[SourceDate "2017.10.13"]
[SourceVersion "1"]
[SourceVersionDate "2017.10.13"]
[SourceQuality "1"]

1. d4 f5 2. Bg5 g6 3. Nc3 Bg7 4. h4 c5 5. dxc5 Na6 6. e4 Nxc5 7. exf5 Qb6 8. Rb1 Nf6 9. Bxf6 Qxf6 10. Bc4 Qxf5 11. Nge2 e6 12. Qd6 Be5 13. Qd2 Qg4 14. Qe3 Qf5 15. Kd2 0-0 16. Rbf1 b6 17. f4 Bg7 18. h5 d5 19. Bd3 Qf6 20. Qg3 Rd8 21. Kc1 Ne4 22. Bxe4 dxe4 23. hxg6 hxg6 24. Qh4 Qxh4 25. Rxh4 Bb7 26. Rg4 Kf7 27. Rg3 a6 28. Re3 Bd4 29. Nxd4 Rxd4 30. Rfe1 Re8 31. Nxe4 Rc8 32. g3 Rh8 33. Ng5+ Kf6 34. Rxe6+ Kf5 35. Rxb6 Bc8 36. Nf7 Rf8 37. Nd6+ Kg4 38. Nxc8 Kxg3 39. Nd6 Rfxf4 40. Rxa6 g5 41. Nb5 Rd8 42. Nc3 Kf2 43. Ree6 g4 44. Re2+ Kg3 45. Ne4+ Rxe4 46. Rxe4 Kh3 47. Re1 g3 48. Re3 1-0